| 000 | 00605nam a2200205Ia 4500 | ||
|---|---|---|---|
| 003 | GCL | ||
| 008 | 140319s9999 xx 000 0 eng d | ||
| 040 |
_aGCL / _cGCL |
||
| 082 | 0 | 4 |
_a660.6 _bV I |
| 100 | 1 | _aVELIKY, IVAN A. | |
| 245 | 1 | 0 |
_aIMMOBILIGED BIOSYSTEMS: THEROY AND PRACTICAL APPLICATIONS / _cVELIKY, IVAN A. |
| 700 | 1 | _aMCLEAN, ROBERT J. C | |
| 260 |
_a[S.N] : _bBLACKIE ACADEMIC & PROFESSIONAL ، _c1994 |
||
| 300 | _a342 P | ||
| 650 | 0 | 4 | _aIMMOBILIGED CELLS |
| 650 | 0 | 4 | _aIMMOBILIGED PROTEINS |
| 650 | 0 | 4 | _aIMMOBILIGED ENGYMES |
| 650 | 0 | 4 | _aIMMOBILIGED MICROORYANISMS |
| 942 |
_2ddc _cBK |
||
| 999 |
_c24271 _d24271 |
||